000 01206nam a2200301Ia 4500
001 ebr10601772
003 CaPaEBR
006 m u
007 cr cn|||||||||
008 071121s2011 at ab sb 000 0 eng d
020 _z9781921719035
020 _z9781921719615
040 _aCaPaEBR
_cCaPaEBR
035 _a(OCoLC)815476335
050 1 4 _aDU123.4
_b.P74 2011eb
100 1 _aPrentis, Malcolm D.
_q(Malcolm David),
_d1948-
245 1 2 _aA concise companion to Aboriginal history
_h[electronic resource] /
_cMalcolm D. Prentis.
250 _a2nd ed.
260 _aDural Delivery Centre, NSW [Australia] :
_bRosenberg,
_c2011.
300 _a264 p. :
_bill., maps.
504 _aIncludes bibliographical references.
533 _aElectronic reproduction.
_bPalo Alto, Calif. :
_cebrary,
_d2011.
_nAvailable via World Wide Web.
_nAccess may be limited to ebrary affiliated libraries.
650 0 _aAboriginal Australians
_xHistory.
650 0 _aIndigenous peoples
_zAustralia
_xHistory.
655 7 _aElectronic books.
_2local
710 2 _aebrary, Inc.
856 4 0 _uhttp://site.ebrary.com/lib/rucke/Doc?id=10601772
_zAn electronic book accessible through the World Wide Web; click to view
999 _c98270
_d98270